Municipi di Roma - Statistics

Statistiche generali
  • Questo quiz è stato fatto 24 volte
  • Il punteggio medio è 6 su 15
Statistiche sulle risposte
Superficie (km²) Popolazione (ab.) Municipio % Corretto
19,66 168 410 Parioli/Nomentano
84%
150,74 231 701 Ostia/Acilia
79%
183,31 183 343 Eur
74%
26,92 245 073 Prenestino/Centocelle
58%
20,09 170 328 Centro Storico
47%
48,94 175 921 Tiburtino
47%
66,93 133 367 Aurelio
37%
45,84 307 184 Appio-Latino/Tuscolana/Cinecittà
32%
98,03 205 832 Monte Sacro
32%
71,48 155 652 Arvalia/Portuense
21%
133,55 192 000 Monte Mario
21%
73,07 141 141 Monte Verde
21%
113,88 257 556 Roma delle Torri
16%
47,15 130 784 Appia Antica
0%
187,31 160 795 Milvio
0%
Nessun quiz corrispondente trovato
Distribuzione punteggi
Percentuale di utenti per punteggio
Percentile per numero di risposta
I tuoi punteggi nel tempo
Non hai fatto questo quiz